<?xml version="1.0" encoding="UTF-8"?>
<record
    xmlns:xsi="http://www.w3.org/2001/XMLSchema-instance"
    xsi:schemaLocation="http://www.loc.gov/MARC21/slim http://www.loc.gov/standards/marcxml/schema/MARC21slim.xsd"
    xmlns="http://www.loc.gov/MARC21/slim">

  <leader>03339nam a2200409   4500</leader>
  <controlfield tag="003">CHAP</controlfield>
  <controlfield tag="005">20240130130157.0</controlfield>
  <controlfield tag="007">ta</controlfield>
  <controlfield tag="008">231023s2016    sp ao||fr|||| 001 0 s   d</controlfield>
  <datafield tag="020" ind1=" " ind2=" ">
    <subfield code="a">978-84200-1173-8</subfield>
  </datafield>
  <datafield tag="040" ind1=" " ind2=" ">
    <subfield code="a">Z</subfield>
    <subfield code="c">CHAP</subfield>
    <subfield code="e">rda</subfield>
  </datafield>
  <datafield tag="082" ind1="0" ind2="0">
    <subfield code="a">636.08982</subfield>
    <subfield code="b">F57 2016</subfield>
    <subfield code="2">20</subfield>
  </datafield>
  <datafield tag="245" ind1="1" ind2="0">
    <subfield code="a">Fisioterapia animal: </subfield>
    <subfield code="b">valoraci&#xF3;n, tratamiento y rehabilitaci&#xF3;n de los animales/</subfield>
    <subfield code="c">editores Catherine M. McGowan, Lesley Goff y Narelle Stubbs; traducci&#xF3; Beatriz Pazo Vilar, Bego&#xF1;a Pel&#xE1;ez Rodr&#xED;guez y Nuria Pel&#xE1;ez Rodr&#xED;guez</subfield>
  </datafield>
  <datafield tag="264" ind1=" " ind2="1">
    <subfield code="a">Zaragoza, Espa&#xF1;a:</subfield>
    <subfield code="b">Acribia,</subfield>
    <subfield code="c">2016</subfield>
  </datafield>
  <datafield tag="300" ind1=" " ind2=" ">
    <subfield code="a">xiv, 310 p&#xE1;ginas:</subfield>
    <subfield code="b">ilustraciones, fotograf&#xED;as  </subfield>
  </datafield>
  <datafield tag="336" ind1=" " ind2=" ">
    <subfield code="2">rdacontent</subfield>
    <subfield code="a">texto</subfield>
    <subfield code="b">txt</subfield>
  </datafield>
  <datafield tag="337" ind1=" " ind2=" ">
    <subfield code="2">rdamedia</subfield>
    <subfield code="a">sin medio</subfield>
    <subfield code="b">n</subfield>
  </datafield>
  <datafield tag="338" ind1=" " ind2=" ">
    <subfield code="2">rdacarrier</subfield>
    <subfield code="a">volumen</subfield>
    <subfield code="b">nc</subfield>
  </datafield>
  <datafield tag="500" ind1=" " ind2=" ">
    <subfield code="a">ej.1: consumo</subfield>
  </datafield>
  <datafield tag="504" ind1=" " ind2=" ">
    <subfield code="a">Incluye bibliograf&#xED;a</subfield>
  </datafield>
  <datafield tag="505" ind1=" " ind2=" ">
    <subfield code="g">Cap&#xED;tulo 1. Introducci&#xF3;n.-- Cap&#xED;tulo 2. Comportamiento animal aplicado: valoraci&#xF3;n, dolor y agresi&#xF3;n.-- Cap&#xED;tulo 3. Nutrici&#xF3;n animal aplicada.-- Cap&#xED;tulo 4. Biomec&#xE1;nica animal aplicada.-- Cap&#xED;tulo 5. Fisiolog&#xED;a comparativa del ejercicio.-- Cap&#xED;tulo 6. Cojeras equina y canina.-- Cap&#xED;tulo 7. Trastornos neurol&#xF3;gicos y musculares.-- Cap&#xED;tulo 8. Valoraci&#xF3;n fisioterap&#xE9;utica para animales.-- Cap&#xED;tulo 9. Terapia manual.-- Cap&#xED;tulo 10. Principios de electroterapia en la fisioterapia veterinaria.-- 11. Hidroterapia.-- Cap&#xED;tulo 12. Puntos de acupuntura y puntos gatillo.-- Cap&#xED;tulo 13. Tratamiento y rehabilitaci&#xF3;n.-- Cap&#xED;tulo 14. Tratamiento y rehabilitaci&#xF3;n equina.</subfield>
  </datafield>
  <datafield tag="520" ind1=" " ind2=" ">
    <subfield code="a">Fisioterapia animal es una gu&#xED;a de referencia esencial para los fisioterapeutas que buscan aplicar los beneficios demostrados de la fisioterapia al tratamiento de animales de compa&#xF1;&#xED;a y adiestrados. La fisioterapia animal es una profesi&#xF3;n en crecimiento de fisioterapeutas que han ampliado sus conocimientos de la bien establecida esfera humana para los animales. El buen resultado de las fisioterapia en el &#xE1;mbito humano  sumado a  un mayor conocimiento del campo animal causa una fuerte demanda de la fisioterapia para animales. Para el fisioterapeuta este libro proporciona informaci&#xF3;n general sobre el comportamiento animal, su nutrici&#xF3;n, biomec&#xE1;nica y fisiolog&#xED;a del ejercicio. Para veterinarios y personas que trabajen con animales, el libro analizas los principios cient&#xED;ficos detr&#xE1;s de la fisioterapia y lo que puede lograr. Incluye an&#xE1;lisis de las diferentes t&#xE9;cnicas de fisioterapia. Describe m&#xE9;todos de la medicina de peque&#xF1;os animales as&#xED; como para los atletas de &#xE9;lite equina. Incluye un modelo de razonamiento cl&#xED;nico aplicado basado en las pruebas, dando ejemplos de casos.</subfield>
  </datafield>
  <datafield tag="534" ind1=" " ind2=" ">
    <subfield code="p">T&#xED;tulo original: Animal physiotherapy: assessment, treatment and rehabilitation of animals, 1a ed.</subfield>
  </datafield>
  <datafield tag="650" ind1="1" ind2="0">
    <subfield code="9">139974</subfield>
    <subfield code="a">Terap&#xE9;utica veterinaria</subfield>
  </datafield>
  <datafield tag="650" ind1="1" ind2="3">
    <subfield code="9">5889</subfield>
    <subfield code="a">Animales dom&#xE9;sticos</subfield>
    <subfield code="x">Rehabilitaci&#xF3;n</subfield>
  </datafield>
  <datafield tag="650" ind1=" " ind2="4">
    <subfield code="9">112346</subfield>
    <subfield code="a">Terap&#xE9;utica fisiol&#xF3;gica</subfield>
    <subfield code="x">T&#xE9;cnicas</subfield>
  </datafield>
  <datafield tag="700" ind1="1" ind2=" ">
    <subfield code="9">188185</subfield>
    <subfield code="a">McGowan, Catherine</subfield>
    <subfield code="e">editor</subfield>
  </datafield>
  <datafield tag="700" ind1="1" ind2=" ">
    <subfield code="9">188186</subfield>
    <subfield code="a">Goff, Lesley</subfield>
    <subfield code="e">editor</subfield>
  </datafield>
  <datafield tag="700" ind1="1" ind2=" ">
    <subfield code="9">188187</subfield>
    <subfield code="a">Stubbs, Narelle</subfield>
    <subfield code="e">editor</subfield>
  </datafield>
  <datafield tag="700" ind1="1" ind2=" ">
    <subfield code="9">188188</subfield>
    <subfield code="a">Pazo Vilar, Beatriz</subfield>
    <subfield code="e">traductor</subfield>
  </datafield>
  <datafield tag="700" ind1="1" ind2=" ">
    <subfield code="9">188189</subfield>
    <subfield code="a">Pel&#xE1;ez Rodr&#xED;guez, Bego&#xF1;a</subfield>
    <subfield code="e">traductor</subfield>
  </datafield>
  <datafield tag="700" ind1="1" ind2=" ">
    <subfield code="9">188193</subfield>
    <subfield code="a">Pel&#xE1;ez Rodr&#xED;guez, Nuria</subfield>
    <subfield code="e">traductor</subfield>
  </datafield>
  <datafield tag="942" ind1=" " ind2=" ">
    <subfield code="2">ddc</subfield>
  </datafield>
  <datafield tag="942" ind1=" " ind2=" ">
    <subfield code="2">ddc</subfield>
  </datafield>
  <datafield tag="942" ind1=" " ind2=" ">
    <subfield code="2">ddc</subfield>
  </datafield>
  <datafield tag="942" ind1=" " ind2=" ">
    <subfield code="c">LIBRO</subfield>
  </datafield>
  <datafield tag="999" ind1=" " ind2=" ">
    <subfield code="c">219306</subfield>
    <subfield code="d">219306</subfield>
  </datafield>
  <datafield tag="952" ind1=" " ind2=" ">
    <subfield code="0">0</subfield>
    <subfield code="1">0</subfield>
    <subfield code="2">ddc</subfield>
    <subfield code="4">0</subfield>
    <subfield code="5">1</subfield>
    <subfield code="7">0</subfield>
    <subfield code="8">GRAL</subfield>
    <subfield code="a">Z</subfield>
    <subfield code="b">Z</subfield>
    <subfield code="d">2021-12-13</subfield>
    <subfield code="e">Compra por licitaci&#xF3;n Factura n. 237</subfield>
    <subfield code="g">1847.00</subfield>
    <subfield code="i">Consumo</subfield>
    <subfield code="l">0</subfield>
    <subfield code="o">636.08982 F57 2016</subfield>
    <subfield code="p">5102007391</subfield>
    <subfield code="r">2023-10-23 00:00:00</subfield>
    <subfield code="t">Ej.1</subfield>
    <subfield code="w">2023-10-23</subfield>
    <subfield code="y">LIBRO</subfield>
  </datafield>
</record>
